Adivina la marca y el modelo de coches - Estadísticas

Estadísticas generales
  • Esta prueba ha sido intentada 303 veces
  • La puntuación promedio es 7 de 16
Estadísticas de respuestas
Imagen Respuesta % Correcto
Audi R8
75%
Renault Megane
72%
Bugatti Chiron
68%
Fiat 500
68%
Ford Focus
55%
Nissan Qashqai
49%
Opel Corsa
47%
Porsche Taycan
45%
Alfa Romeo Giulia
40%
Hyundai Tucson
37%
Lamborghini Diablo
36%
Seat Toledo
32%
Volkswagen Touareg
31%
Mazda CX5
30%
BMW 320
12%
Infiniti Q60
6%
No se encontraron pruebas coincidentes
Distribución de puntuación
Porcentaje de gente con cada puntuación
Porcentaje por número respondido
Historial de tus puntuaciones
No has intentado esta prueba.